|
|
|
|
| LEADER |
00000cam a2200000 a 4500 |
| 001 |
vtls008347353 |
| 003 |
SK-MaSNL |
| 005 |
20260301191413.0 |
| 008 |
251001s1962 xo dal drp 000 0 slo |
| 015 |
|
|
|a SNBA1962/07-01165
|
| 020 |
|
|
|q (brožované)
|
| 035 |
|
|
|a SK01SNK19620039570
|
| 035 |
|
|
|a urn:nbn:sk:snk-am3itpi
|
| 035 |
|
|
|a 89BCB663-5D81-459A-9984-571D77A1D449
|
| 035 |
|
|
|a urn:nbn:sk:snk-am00fhhb
|
| 035 |
|
|
|a SKM000042033
|
| 040 |
|
|
|a SNK
|b slo
|c SNK
|e AACR2
|
| 041 |
1 |
|
|a slo
|h cze
|
| 044 |
|
|
|a xo
|c SK
|
| 080 |
|
|
|a 66
|2 2011
|
| 080 |
|
|
|a 66.023/.04
|2 2011
|
| 080 |
|
|
|a (075.3)
|2 2011
|
| 100 |
1 |
|
|a Pilař, Antonín,
|d 1911-1988
|4 aut
|9 122326
|
| 245 |
1 |
0 |
|a Stroje a zariadenia
|b pre IV. ročník priemyselných škôl chemických
|c Antonín Pilář ; z českého originálu Stroje a zariadenia ... preložil Vladimír Kalás
|
| 250 |
|
|
|a Prvé vydanie
|
| 260 |
|
|
|a Bratislava
|b Slovenské vydavateľstvo technickej literatúry
|c 1962
|e Bratislava
|f Západoslovenské tlačiarne 42
|
| 300 |
|
|
|a 345 strán
|b grafy, ilustrácie, schémy, tabuľky
|c 21 cm
|
| 366 |
|
|
|e 530 kusov
|
| 490 |
1 |
|
|a Edícia chemickej literatúry
|
| 650 |
0 |
7 |
|a chemický priemysel
|2 SNKPH
|9 69615
|
| 650 |
0 |
7 |
|a chemické zariadenia
|2 SNKPH
|9 74444
|
| 655 |
|
7 |
|a učebnice stredných škôl
|2 SNKPH
|9 69323
|
| 700 |
1 |
|
|a Kalás, Vladimír
|4 trl
|9 424135
|
| 830 |
|
0 |
|a Edícia chemickej literatúry
|9 276844
|
| 852 |
|
|
|a Slovenská národná knižnica
|
| 958 |
|
|
|a EUIPO
|
| 958 |
|
|
|a RK
|
| 958 |
|
|
|a RM
|
| 958 |
|
|
|a NB
|
| 958 |
|
|
|a UC
|
| 958 |
|
|
|a OP
|
| 958 |
|
|
|a CZ
|
| 958 |
|
|
|a OND
|
| 968 |
|
|
|b ČES
|
| 999 |
|
|
|c 870939
|d 872869
|
| 952 |
|
|
|a SNK
|b SNK
|y PREZ
|7 0
|p 17A0841334
|o snkSC 16562
|i snkKSP 2532/62
|0 0
|1 0
|4 0
|d 2020-08-25
|f 1
|l 0
|r 2025-07-18 00:00:00
|w 2026-02-24
|